Handbook of applied mathematics (Record no. 550429)
[ view plain ]
| 000 -LEADER | |
|---|---|
| fixed length control field | 00404nam a22001337a 4500 |
| 082 ## - DEWEY DECIMAL CLASSIFICATION NUMBER | |
| Classification number | 519 |
| Author Mark | JAN |
| -- | L-3, P-5 |
| 100 ## - MAIN ENTRY--PERSONAL NAME | |
| Personal name | Herbert Drury Harper BS MA |
| 9 (RLIN) | 47140 |
| 245 ## - TITLE STATEMENT | |
| Title | Handbook of applied mathematics |
| Statement of responsibility, etc. | Martin E jansson |
| 260 ## - PUBLICATION, DISTRIBUTION, ETC. | |
| Place of publication, distribution, etc. | USA |
| Name of publisher, distributor, etc. | D Van Nostrand Company 250 Fourth Avenue |
| Date of publication, distribution, etc. | 1936 |
| 300 ## - PHYSICAL DESCRIPTION | |
| Extent | P-1010 |
| Other physical details | Illus |
| 526 ## - STUDY PROGRAM INFORMATION NOTE | |
| Program name | 0 |
| Interest level | 0 |
| Reading level | 0 |
| Title point value | 519_000000000000000_JAN |
| 650 ## - SUBJECT ADDED ENTRY--TOPICAL TERM | |
| Topical term or geographic name entry element | MCE |
| 9 (RLIN) | 379 |
| 942 ## - ADDED ENTRY ELEMENTS (KOHA) | |
| Source of classification or shelving scheme | |
| Koha item type | Book |
| Withdrawn status | Lost status | Source of classification or shelving scheme | Damaged status | Not for loan | Permanent Location | Current Location | Date acquired | Total Checkouts | Full call number | Barcode | Date last seen | Price effective from | Koha item type |
|---|---|---|---|---|---|---|---|---|---|---|---|---|---|
| Military College of Engineering (MCE) | Military College of Engineering (MCE) | 11/10/2014 | 519 JAN | MCE-28997 | 11/10/2014 | 11/10/2014 | Book |
